Travis Scott Quiz#1 - Statistiken

Allgemein
  • Dieses Quiz wurde 243 mal gespielt
  • Das Durchschnittsergebnis liegt bei 7 aus 10
Antwortstatistiken
Frage Antwort % Korrekt
Travis Scott‘s real name is… Jaques Bermain Webster ll
93%
Which of These Artist was not featured on UTOPIA? Lil Yachty
87%
How many Grammys did Travis Scott win. 0
86%
The Most streamed Travis Scott Feature is… Zeze
77%
Which of These Rappers is under Travis Scotts Label? SoFaygo
74%
In 2013 Travis Scott released… Owl Pharao
60%
In June 2024 Travis Scott got arrested in… Miami
59%
Travis Scott is featured on… I am > I was
56%
Travis Scott was Not featured on… NWTS
42%
Which of These Travis Scott Songs has The Most streams? Looove
25%
Keine übereinstimmenden Quizze gefunden
Verteilung der Resultate
Anzahl Personen mit jedem Resultat
Perzentil nach korrekt beantworteten Fragen
Ihre Resultats-Entwicklung
Sie haben dieses Quiz noch nicht gespielt